01006nam a2200277 a 450000100060000000300080000600500170001400800410003102000170007202000170008903500190010604000270012504100080015208200270016024500880018726000390027530000350031449000480034950400370039765000280043470000270046283000560048994200120054599900170055795201540057469162BD-RjUL20211209081845.0170410s1989 enka b 001 0 eng d a0387508635 : a3540508635 : a(BD-RjUL)69373 aDLCcDLCbengdBD-RjUL aeng a363.7384223bCHE 198900aChemicals in the aquatic environment :badvanced hazard assessment /cLars Landner  aLondon :bSpringer-Verlag,cc1989. axxii, 415 p. :bill. ;c24 cm. aSpringer series on environmental management aIncludes bibliography and index. aToxic Chemicals92049101 aLandner, Lars.9204911 0aSpringer series on environmental management9203887 2ddccBK c69162d69162 00102ddc40718NFICaRUCLbRUCLcReadingd2021-12-09eAhsahia Mission, Dhakag39.50l0o363.7384 CHE 1989r2017-04-10 00:00:00tC-1w2017-04-10yBK